AP World History #1 - Statistics

General Stats
  • This quiz has been taken 1,433 times
  • The average score is 4 of 10
Answer Stats
Hint Answer % Correct
Explosive material that China made a killing out of Gunpowder
96%
Crop imported to China by Vietnamese Champa Rice
66%
Black-and-white symbol which symbolized chaos and calm Yin Yang
65%
Who believed that Caliphs should be the real leaders? Sunni
48%
Major trading city in Mali Timbuktu
48%
A more moral version of Confucianism Neo-Confucianism
36%
The dynasty that formed and was just before the Tang and Song dynasty Sui
21%
Major trading coast along Southeast Africa Swahili Coast
21%
Mystic body of religious practice, rejected worldly materials Sufism
14%
Strait which allowed India and China to trade with each other easily Sunda
2%
No matching quizzes found
Score Distribution
Percent of People with Each Score
Percentile by Number Answered
Your Score History
You have not taken this quiz